00307 a2200109 4500001000700000020000600007040001100013100004300024240006300067245005800130362000900188165700 a  cMagnum aOliveira, Maria Rita Neto Sales Et Al.10aConfluencias e divergencias ente didatica e curriculolpor10aConfluencias e divergencias ente didatica e curriculo0 a1899